| 000 | 00484nam a2200157Ia 4500 | ||
|---|---|---|---|
| 008 | 151213s9999 xx 000 0 und d | ||
| 020 | _a9863-9727-09-5 | ||
| 100 | _aJalal Uddin Khan & Adrian E. Hare | ||
| 245 |
_aEnglish & Islam Creative Encounter 96 _cJalal Uddin Khan & Adrian E. Hare |
||
| 260 |
_aKualalampur _bThe Research Centre _c1996 |
||
| 300 | _a4565 p. | ||
| 650 | _aReference | ||
| 650 | _aReference Book | ||
| 700 | _aJalal Uddin Khan & Adrian E. Hare | ||
| 999 |
_c2939 _d2939 |
||